000 00436nam a2200181Ia 4500
001 1431
005 20260306143728.0
008 260306t1998||||xx |||||||||||||| ||spa||
041 _aESP
082 _a150
_bW88
100 _aWorchel, Stephen
_eAUT
245 0 _aPsicologĂ­a:
_bfundamentos y aplicaciones
260 _c1998
300 _axxiii, 751 páginas :
_c25 cm.
650 _aGEN
654 _aCPS
942 _cLIB
_dJUS
_fJUS
_2ddc
_n
999 _c1431
_d1431